000 00707nam a2200205Ia 4500
003 GCL
008 140319s9999 xx 000 0 ara d
040 _aGCL /
_cGCL
082 0 4 _a370.19
_bم و
100 1 _aمنظمة الامم المتحدة للاطفال
245 1 0 _aوقائع لقاء الخبراء حول مشروع التربية من أجل السلام /
_cمنظمة الامم المتحدة للاطفال
260 _a[S.N] :
_bمنظمة الامم المتحدة للاطفال ،
_c1993
300 _a160 ص
490 _a
650 0 4 _aالتربية
650 0 4 _aالاطفال
650 0 4 _aعلم النفس التربوى
650 0 4 _aالسلام
942 _2ddc
_cBK
999 _c36321
_d36321